| 000 | 00487nam a2200193 b 4500 | ||
|---|---|---|---|
| 001 | 00000000009797 | ||
| 003 | OSt | ||
| 005 | 20130712110601.0 | ||
| 008 | 041103s1970 spa | ||
| 040 |
_aBR-EX _cBMC |
||
| 082 | _a864 | ||
| 100 |
_97 _aUnamuno, Miguel de _d1864-1936 |
||
| 245 | 1 | 3 |
_aEl caballero de la triste figura _cMiguel de Unamuno |
| 250 | _a5ยช ed | ||
| 260 |
_aMadrid _bEspasa-Calpe _c1970 |
||
| 300 |
_a159 p. _c18 cm |
||
| 490 |
_aAustral _v417 |
||
| 942 |
_2ddc _cBK |
||
| 999 |
_c308 _d308 |
||